Znižovanie množstva nepodarkov vo výrobnom podniku

Gespeichert in:
Bibliographische Detailangaben
1. Verfasser: Hurný, František
Format: Buchkapitel
Sprache:Slowakisch
Englisch
Tags: Tag hinzufügen
Keine Tags, Fügen Sie das erste Tag hinzu!

MARC

LEADER 00000nla a2200000 4500
001 0209136
005 20240503094221.9
041 0 |a slo 
041 0 |a eng 
044 |a SK 
245 1 0 |a Znižovanie množstva nepodarkov vo výrobnom podniku  |c František Hurný 
500 |a Abstrakt 
100 1 |a Hurný, František